Epigenetics for crop plant sustainability and stress adaptation with special reference to natural rubber (Hevea brasiliensis) (Record no. 58716)

MARC details
000 -LEADER
fixed length control field 00611nam a2200169Ia 4500
100 ## - MAIN ENTRY--AUTHOR NAME
Personal name Thomas K.U
245 #0 - TITLE STATEMENT
Title Epigenetics for crop plant sustainability and stress adaptation with special reference to natural rubber (Hevea brasiliensis)
260 ## - PUBLICATION, DISTRIBUTION, ETC. (IMPRINT)
Name of publisher 107th Indian Science Congress, 3-7 January 2020, University of Agricultural Science, Bengaluru, India.
500 ## - GENERAL NOTE
General note Source Year: 2020
650 ## - SUBJECT ADDED ENTRY--TOPICAL TERM
Topical Term Crop plant sustainability
650 ## - SUBJECT ADDED ENTRY--TOPICAL TERM
Topical Term Epigenetic
650 ## - SUBJECT ADDED ENTRY--TOPICAL TERM
Topical Term Stress adaptation
700 ## - ADDED ENTRY--PERSONAL NAME
Personal name Rao G.P
856 ## - ELECTRONIC LOCATION AND ACCESS
Uniform Resource Identifier Bibli details only
942 ## - ADDED ENTRY ELEMENTS (KOHA)
Koha item type Journals
Holdings
Withdrawn status Lost status Damaged status Not for loan Home library Current library Shelving location Date acquired Koha item type
      Journals RRII Library RRII Library Genome 01/01/2021 Journals